000 00321nam a2200133Ia 4500
008 191201s2006 xx 000 0 und d
082 _a657
_bSRA
100 _aSRINIVASAN, N P
245 0 _aAccounting for Management
260 _aN.Delhi
_bS Chand and Co. Ltd.
_c2006
300 _a710
650 _aMBA
942 _2ddc
_cBK
999 _c2644
_d2644